La utilización didáctica del museo : hacia una educación integral /

Uloženo v:
Podrobná bibliografie
Hlavní autor: Montenegro Valenzuela, Jacinto (Autor)
Médium: Elektronický zdroj E-kniha
Jazyk:španělština
Vydáno: Zaragoza : Prensas Universitarias de Zaragoza, 2011.
Vydání:Primera edición.
Edice:Coleccion de Textos Docentes (Prensas Universitarias de Zaragoza) ; 205.
Témata:
On-line přístup:Digitalia Hispánica
Tagy: Přidat tag
Žádné tagy, Buďte první, kdo vytvoří štítek k tomuto záznamu!

MARC

LEADER 00000nam a2200000Ia 4500
001 DIGPUZ0506
003 NyNyDIG
008 141201s2011 sp ob 000 0 spa d
006 m o d
007 cr |||||||||||
040 |a DGITA  |b eng  |e rda  |e pn  |c DGITA 
020 |a 9788415274858  |q electronic book  |q pdf 
020 |z 849277469X  |q pbk 
020 |z 9788492774692  |q pbk 
050 1 4 |a AM7 ebook 
100 1 |a Montenegro Valenzuela, Jacinto,   |e author. 
245 1 3 |a La utilización didáctica del museo :  |b hacia una educación integral /  |c Jacinto Montenegro Valenzuela. 
250 |a Primera edición. 
264 1 |a Zaragoza :  |b Prensas Universitarias de Zaragoza,  |c 2011. 
300 |a 1 online resource (465 pages) :  |b illustrations. 
336 |a text  |b txt  |2 rdacontent 
337 |a computer  |b c  |2 rdamedia 
338 |a online resource  |b cr  |2 rdacarrier 
490 1 |a Coleccion de Textos Docentes ;  |v 211. 
500 |a First published: Egido, 2005. 
504 |a Includes bibliographical references (pages 431-454). 
588 0 |a Online resource; title from PDF title page (Digitalia, viewed October 27, 2014) 
650 0 |a Museums  |x Educational aspects.  
650 0 |a Museums and schools.  
655 0 |a Electronic books. 
791 2 |a Digitalia (Firm),  |e distributor. 
793 0 |g Digitalia eBook Collection:  |a Prensas Universitarias de Zaragoza 
776 0 8 |i Print version:  |a Montenegro Valenzuela, Jacinto.  |t Utilización didáctica del museo.  |d Zaragoza, España : Prensas Universitarias de Zaragoza, 2005  |z 9788415274858. 
830 0 |a Coleccion de Textos Docentes (Prensas Universitarias de Zaragoza) ;  |v 205. 
856 4 0 |3 Digitalia Hispánica  |u https://digitalia.unach.elogim.com/a/17323/